Guerra de la Independencia (Record no. 76342)

MARC details
000 -LEADER
campo de control de longitud fija 00917nam a2200217 i 4500
001 - NÚMERO DE CONTROL
campo de control 76342
003 - IDENTIFICADOR DE NÚMERO DE CONTROL
campo de control ES-MaACL
005 - FECHA Y HORA DE LA ÚLTIMA TRANSACCIÓN
campo de control 20230906172817.0
007 - CAMPO FIJO DE DESCRIPCIÓN FÍSICA--INFORMACIÓN GENERAL
campo de control de longitud fija t|
008 - DATOS DE LONGITUD FIJA--INFORMACIÓN GENERAL
campo de control de longitud fija 040930s1908 sp ||||1| spa d
080 ## - NÚMERO DE LA CLASIFICACIÓN DECIMAL UNIVERSAL
Número de la Clasificación Decimal Universal 94(460)"1808/14":75.041.5
110 0# - ENTRADA PRINCIPAL--NOMBRE DE ENTIDAD CORPORATIVA
Nombre de entidad corporativa o nombre de jurisdicción como elemento de entrada Junta de Iconografía Nacional (España)
9 (RLIN) 5394
245 10 - MENCIÓN DEL TÍTULO
Título Guerra de la Independencia
Resto del título : retratos /
Mención de responsabilidad, etc. Junta de Iconografía Nacional.
260 ## - PUBLICACIÓN, DISTRIBUCIÓN, ETC.
Lugar de publicación, distribución, etc. Madrid :
Nombre del editor, distribuidor, etc. [s.n.],
Fecha de publicación, distribución, etc. 1908 (
Lugar de fabricación/manufactura Madrid :
Fabricante Imp. de la Revista de Archivos, Bibliotecas y Museos)
300 ## - DESCRIPCIÓN FÍSICA
Extensión 47 h., 44 lám. ;
Dimensiones 40 cm.
500 ## - NOTA GENERAL
Nota general Precede al tit.: Junta de Iconografía Nacional.
599 ## - NOTA A LAS ILUSTRACIONES
NOTA A LAS ILUSTRACIONES Las h. de láminas son reproducciones fotomecánicas de los principales personajes que participaron en la Guerra de la Independencia.
651 #4 - PUNTO DE ACCESO ADICIONAL DE MATERIA--NOMBRE GEOGRÁFICO
Nombre geográfico España-
Subdivisión general Historia-
Subdivisión cronológica 1808-1814, Guerra de la Independencia-
Subdivisión de forma Retratos.
9 (RLIN) 156027
852 ## - LOCALIZACIÓN
Ubicación ES-MaACL
Número de control de estantería B-6477
852 ## - LOCALIZACIÓN
Ubicación ES-MaACL
Número de control de estantería B-251
Holdings
Estatus retirado Estado de pérdida Estado de daño No para préstamo Biblioteca de origen Biblioteca actual Ubicación en estantería Fecha de adquisición Fuente de adquisición Total de préstamos Signatura topográfica completa Código de barras Visto por última vez Precio de reemplazo Tipo de ítem Koha
        Biblioteca del Ateneo de Madrid Biblioteca del Ateneo de Madrid Sala Pardo Bazán 17/01/2008     B-251 1079895 23/02/2023 23/02/2023 Libro impreso
        Biblioteca del Ateneo de Madrid Biblioteca del Ateneo de Madrid Sala Pardo Bazán 17/01/2008     B-6477 1079894 23/02/2023 23/02/2023 Libro impreso